ewige Tabelle der Süper Lig - Statistiken

Allgemein
  • Dieses Quiz wurde 158 mal gespielt
    19 seit der letzten Aktualisierung
  • Das Durchschnittsergebnis liegt bei 8 aus 79
Antwortstatistiken
Platz Punkte Verein % Korrekt
1 4512 Fenerbahce
100%
2 4478 Galatasaray
100%
4 3104 Trabzonspor
67%
13 1267 Antalyaspor
40%
32 480 Alanyaspor
33%
16 997 Istanbulspor
33%
9 1369 Samsunspor
33%
19 916 Sivasspor
33%
23 818 Adanaspor
27%
5 2191 Bursaspor
27%
20 909 Kayserispor
27%
25 765 Adana Demirspor
20%
12 1279 Göztepe
20%
18 934 Kasimpasa
20%
14 1061 Konyaspor
20%
15 1017 Basaksehir FK
13%
3 4275 Besiktas JK
13%
11 1314 Eskisehirspor
13%
52 204 Hatayspor
13%
26 597 Karsiyaka
13%
21 896 Kocaelispor
13%
30 506 Malatyaspor
13%
31 499 Ankara Demirspor
7%
65 61 Balikesirspor
7%
79 0 Çorum FK
7%
22 843 Denizlispor
7%
60 98 Erzurumspor
7%
47 301 Gaziantep FK
7%
10 1363 Gaziantepspor
7%
7 2105 Genclerbirligi Ankara
7%
49 283 Giresunspor
7%
41 356 Kardemir Karabükspor
7%
71 37 Pendikspor
7%
54 153 Vanspor
7%
66 61 Akcaabat Sebatspor
0%
48 287 Akhisarspor
0%
69 46 Alibeyköyspor
0%
8 1687 Altay SK
0%
44 338 Altinordu FK
0%
78 0 Amed SFK
0%
50 277 Ankara Keciörengücü
0%
59 105 Aydinspor
0%
58 105 Bakirköyspor
0%
46 309 Beykozspor 1908
0%
67 56 Beyogluspor
0%
70 37 Bodrum FK
0%
24 791 Boluspor
0%
74 26 Buca Gelistirme Spor
0%
57 109 Canakkale Dardanel SK
0%
17 987 Caykur Rizespor
0%
40 357 Diyarbakirspor
0%
56 136 Elazigspor
0%
63 75 Erzurumspor FK
0%
61 86 Eyüpspor
0%
34 448 Fatih Karagümrük
0%
28 553 Fener Spor
0%
42 350 Feriköy
0%
64 62 Hacettepe Spor
0%
39 389 Izmirspor
0%
77 23 Kahramanmaras Spor
0%
36 429 Kayseri Erciyesspor
0%
51 223 Manisaspor
0%
29 540 Mersin Talimyurdu SK
0%
6 2176 MKE Ankaragücü
0%
76 23 MKE Kirikkalespor
0%
38 406 Orduspor
0%
73 29 Petrolofisi
0%
35 431 Sakaryaspor
0%
27 578 Sariyer
0%
75 24 Siirtspor
0%
43 339 Sincan Belediyesi Ankaraspor
0%
45 319 Turan Spor
0%
37 413 Türk Telekomspor
0%
72 30 Ümraniyespor
0%
33 473 Vefaspor
0%
53 187 Yeni Malatyaspor
0%
68 55 Yesildirek
0%
62 76 Yozgatspor Tic. AS
0%
55 145 Zeytinburnuspor
0%
Keine übereinstimmenden Quizze gefunden
Verteilung der Resultate
Anzahl Personen mit jedem Resultat
Perzentil nach korrekt beantworteten Fragen
Ihre Resultats-Entwicklung
Sie haben dieses Quiz seit der letzten Aktualisierung nicht gespielt